000 00520 a2200157 4500
999 _c7712
_d7712
020 _a9781853393860
050 _aHN 981 CHA 2009
100 _aChambers, Robert
_eauthor
245 _aWhose reality counts? :
_bputting the first last /
_cRobert Chambers
264 _aWarwickshire :
_bPractical Action publishing ltd,
_c2009.
300 _a297p.:
500 _aincludes index.
650 _aRural development.
650 _aAgricultural estimating and reporting
_x Developing countries.
942 _2lcc
_cBK
_h981
_iCHA
_kHN